Word Ladder: 1939 Best Picture Quiz Stats

 Plays Quiz Updated Aug 27, 2014

Support Sporcle.
Go Orange.
Score 0/46 Timer 05:00
0 Plays Today
Hint 4-Letter Word % Correct
Zeus, Poseidon, and AresGODS
96%
Bottom of faceCHIN
95.6%
Rolling Stones' JaggerMICK
95.1%
★ Nominee: Of ____ and Men ★MICE
95.1%
Front of lower legSHIN
94.3%
★ Nominee: ____bye, Mr. [Rung 18]s ★GOOD
94.2%
Group of cattleHERD
93.8%
Perceive with auditory organsHEAR
93%
★ Nominee: Mr. Smith ____ to [Rung 41]ington ★GOES
92.9%
Horse hoof soundCLOP
92.9%
Chicken tenement houseCOOP
92.9%
Not thereHERE
92.7%
SolitaryLONE
92.5%
EmployHIRE
92.3%
Neck topperHEAD
92%
Bent wire paper holderCLIP
91.7%
★ Nominee: [Rung 12]bye, Mr. ____s ★CHIP
91.2%
Fermented grape beverageWINE
91.2%
Main substance of treesWOOD
90.7%
Swampy, boggy groundMIRE
90.2%
US heavy truck manufacturerMACK
89.3%
After the appointed timeLATE
89.2%
★ Nominee: Mr. Smith [Rung 8] to ____ington ★WASH
88%
Hint 4-Letter Word % Correct
Char outer surfaceSEAR
87.9%
Masked mammal, for shortCOON
87.7%
★ Nominee:____ Affair ★LOVE
87.5%
Fabric junctionSEAM
87.5%
Go from one place or position to anotherMOVE
87%
Bully, thugGOON
86.7%
Troubles, difficultiesWOES
86.7%
Second gospelMARK
86.1%
Seeks favor, affectionWOOS
84.4%
Sweet, brown, oval fruit of palm treesDATE
83.7%
With 'Out,' correction fluidWITE
83.5%
Strike with a whip LASH
82.8%
Defy or challenge to do somethingDARE
82.4%
Jiminy Cricket song focusWISH
82.3%
★★ Best Picture: [Rung 1] ____ the [Rung 46] ★★WITH
80%
Thin flat strip used to support plasterLATH
79.5%
★ Nominee: ____ Victory ★DARK
79%
Thin wedge used to align partsSHIM
78.3%
That which is bogus, falseSHAM
78.2%
Internet forum officials (abbrev.)MODS
73.8%
Particular form or variety of something MODE
73.3%
★★ Best Picture: ____ [Rung 43] the [Rung 46]★★GONE
72.9%
★★ Best Picture: [Rung 1] [Rung 43] the ____ ★★WIND
71.2%

Today's Daily Dose

You're not logged in!

Compare scores with friends on all Sporcle quizzes.
OR
Log In

From the Vault

Movie Green Screens

by BigAl1994

Some of these films seem way less epic when you realize pretty much everything was made with computers.
Remove Ads.
Support Sporcle.
Get the best of Sporcle when you Go Orange. This ad-free experience offers more features, more stats, and more fun while also helping to support Sporcle. Thank you for becoming a member.

Show Comments

Extras

Top Quizzes Today


Score Distribution

Your Account Isn't Verified!

In order to create a playlist on Sporcle, you need to verify the email address you used during registration. Go to your Sporcle Settings to finish the process.

Report this User

Report this user for behavior that violates our Community Guidelines.

Details: